000 00582nam a2200193Ii 4500
003 JO-AjNU
008 230606s9999||||xx |||||||||||||| ||und||
040 _aJO-AjNU
_beng
_erda
_cJO-AjNU
041 _aeng
050 1 4 _aPQ6613.A763 1979
100 3 _aLorca, Federico Garcia,
_eauthor
_95531
245 0 0 _aThree Tragedies: Blood Wedding Yerma The House of Bernarda Alba
264 3 1 _aEngland: Penguin Books, 1979
300 _a203P
336 _atext
_btxt
_2rdacontent
337 _aunmediated
_bn
_2rdamedia
338 _avolume
_bnc
_2rdacarrier
650 4 _a Tragedies
_95532
999 _aE2861
_c2859
_d2859